Pseudo Legendaries - Statistics

General Stats
  • This quiz has been taken 20 times
  • The average score is 8 of 11
Answer Stats
Answer % Correct
Dragonite
93%
Garchomp
93%
Metagross
87%
Tyranitar
87%
Salamence
80%
Goodra
67%
Hydreigon
67%
Kommo-o
60%
Dragapult
53%
Baxcalibur
47%
Hisuian Goodra
33%
No matching quizzes found
Score Distribution
Percent of People with Each Score
Percentile by Number Answered
Your Score History
You have not taken this quiz